=LDR 00000nam 2200000 4500 =001 000523 =005 20250710115502 =035 ##$$a 0010-0725000388 =007 ta =008 250710################a##########0#ind## =020 ##$$a 978-602-437-868-4 =082 ##$$a 398.209 598 =084 ##$$a 398.209 598 JUL t =100 #$$a Indah Julianti =245 1#$$a Tiwul Istimewa Nenek /$c Indah Julianti =250 ##$$a Cetakan ketiga =260 ##$$a Rawamangun :$b Badan Pengembangan dan Pembinaan Bahasa,$c 2019 =300 ##$$a 24 hlm. : $b Ilus. ; $c 29,7 cm. =856 ##$$a TBM AS SUHADA =990 ##$$a TBM02790279